| 000 | 00505nam a22001817a 4500 | ||
|---|---|---|---|
| 005 | 20251108171231.0 | ||
| 008 | 250721s1981 xx 000 0 ara d | ||
| 082 | 1 | 4 | _aم/216.1/من |
| 245 | 1 | 0 | _aمن وصايا الرسول / |
| 264 | 1 |
_aالقاهرة : _bدار التراث العربي، _c1981. |
|
| 300 | _a20ج × 2مج | ||
| 650 | 1 | 7 | _aالإسلام |
| 650 | 1 | 7 | _aالفقه |
| 650 | 1 | 7 | _aالسنة النبوية |
| 650 | 1 | 7 | _aأصول الدين |
| 942 |
_2ddc _cREF |
||
| 999 |
_c60027 _d60027 |
||